The future of experts (Record no. 70514)
[ view plain ]
| 000 -LEADER | |
|---|---|
| fixed length control field | 00746cam a2200181 4500 |
| 001 - CONTROL NUMBER | |
| control field | X118459 |
| 008 - FIXED-LENGTH DATA ELEMENTS--GENERAL INFORMATION | |
| fixed length control field | 020619n2002 000 0 eng u |
| 035 ## - SYSTEM CONTROL NUMBER | |
| System control number | (Sirsi) u118459 |
| 100 ## - MAIN ENTRY--PERSONAL NAME | |
| Personal name | Reddin, Patrick |
| 245 #4 - TITLE STATEMENT | |
| Title | The future of experts |
| 260 ## - PUBLICATION, DISTRIBUTION, ETC. | |
| Date of publication, distribution, etc. | 2002 |
| 490 ## - SERIES STATEMENT | |
| Series statement | Landlord and Tenant Review |
| Volume/sequential designation | 6(1) 2002, 1-2(2) |
| 520 ## - SUMMARY, ETC. | |
| Summary, etc. | Editorial looks at future role of experts in housing disrepair litigation. Highlights decline in new entrants to building surveying and engineering professions. Recommends introduction of computerised scoring system to allow accredited, rather than fully qualified inspectors, to carry out evaluations. |
| 650 ## - SUBJECT ADDED ENTRY--TOPICAL TERM | |
| Topical term or geographic name entry element | LITIGATION |
| 650 ## - SUBJECT ADDED ENTRY--TOPICAL TERM | |
| Topical term or geographic name entry element | EVALUATION |
| 690 ## - LOCAL SUBJECT ADDED ENTRY--TOPICAL TERM (OCLC, RLIN) | |
| Topical term or geographic name as entry element | Dispute resolution |
| 9 (RLIN) | 6236 |
| 942 ## - ADDED ENTRY ELEMENTS (KOHA) | |
| Suppress in OPAC | 0 |
| Withdrawn status | Lost status | Source of classification or shelving scheme | Damaged status | Not for loan | Home library | Current library | Shelving location | Date acquired | Total Checkouts | Barcode | Date last seen | Copy number | Price effective from | Koha item type |
|---|---|---|---|---|---|---|---|---|---|---|---|---|---|---|
| Dewey Decimal Classification | London | London | Journal article | 19/06/2002 | 118459-1001 | 06/08/2019 | 1 | 06/08/2019 | Journal article |